MARC

LEADER 00000nas a2200000 a 4500
001 ssj0000070593
003 WaSeSS
005 20200512172242.0
006 m d
007 cr n
008 060629c20039999ci fr pss 0 0eng c
010 |a  2010252034 
022 |a 1334-4676  |l 1334-4676 
035 |a (WaSeSS)ssj0000070593 
040 |a SHS  |b eng  |c SHS  |d SFB  |d OCLCQ  |d OCLCS  |d WAU  |d OCLCQ  |d TXA  |d OCLCQ  |d OCLCO  |d OCLCQ  |d OCLCF  |d OCLCO  |d OCLCQ  |d OCLCA  |d AU@  |d WaSeSS 
042 |a pcc 
050 1 4 |a Q295 
210 1 |a Interdiscip. descr. complex syst.  |b (Online) 
222 0 |a Interdisciplinary description of complex systems  |b (Online) 
245 0 0 |a Interdisciplinary description of complex systems  |h [electronic resource]. 
246 1 3 |a INDECS 
246 1 3 |a Interdisciplinary description of complex systems scientific journal 
246 1 3 |a Scientific journal interdisciplinary description of complex systems 
246 1 3 |a Journal INDECS 
260 |a Zagreb, Croatia :  |b Znanost.org :  |b Croatian Interdisciplinary Society,  |c [2003]- 
310 |a Semiannual 
362 1 |a Began with: 1 (1/2) (2003). 
506 |a License restrictions may limit access. 
588 |a Description based on: 1 (1/2) (2003); title from journal home page (indecs site, viewed Apr. 19, 2010). 
588 |a Latest issue consulted: 7 (2) (2009) (viewed Apr. 19, 2010). 
650 0 |a System theory  |v Periodicals. 
650 0 |a System analysis  |v Periodicals. 
650 0 |a Social systems  |v Periodicals. 
650 0 |a Biological systems  |v Periodicals. 
650 7 |a Biological systems.  |2 fast  |0 (OCoLC)fst00832336 
650 7 |a Social systems.  |2 fast  |0 (OCoLC)fst01123410 
650 7 |a System analysis.  |2 fast  |0 (OCoLC)fst01141385 
650 7 |a System theory.  |2 fast  |0 (OCoLC)fst01141423 
655 0 |a Electronic journals. 
710 2 |a Hrvatsko interdisciplinarno društvo. 
776 0 8 |i Print version:  |t Interdisciplinary description of complex systems  |x 1334-4684 
776 0 8 |i CD-ROM version:  |t Interdisciplinary description of complex systems  |x 1334-5230 
856 4 0 |z Full text available from Research Library: 01/01/2003 to present  |u https://search.proquest.com/publication/2049679